Christ and new generation youth : (Record no. 2366)

MARC details
000 -LEADER
fixed length control field 00698cam a2200229 a 4500
001 - CONTROL NUMBER
control field 11295641
003 - CONTROL NUMBER IDENTIFIER
control field GBCCL
005 - DATE AND TIME OF LATEST TRANSACTION
control field 20241126110427.0
008 - FIXED-LENGTH DATA ELEMENTS--GENERAL INFORMATION
fixed length control field 121207s2011 ii g b 000 0 eng d
020 ## - INTERNATIONAL STANDARD BOOK NUMBER
International Standard Book Number 9789385080586
035 ## - SYSTEM CONTROL NUMBER
System control number (OCoLC)ocn835466834
035 ## - SYSTEM CONTROL NUMBER
System control number 11295641
040 ## - CATALOGING SOURCE
Original cataloging agency IiNdDKA
Language of cataloging eng
Transcribing agency IiNdDKA
Modifying agency CtY-D
050 #4 -
-- BT707.7
-- .M36 2011
082 04 - DEWEY DECIMAL CLASSIFICATION NUMBER
Classification number 248.83
Edition information 23
Item number MAN
100 1# - MAIN ENTRY--PERSONAL NAME
Personal name Manokaran, J. N.
9 (RLIN) 4905
245 10 - TITLE STATEMENT
Title Christ and new generation youth :
Remainder of title transformed youth for transforming world
Statement of responsibility, etc. by J.N. Manokaran.
260 ## - PUBLICATION, DISTRIBUTION, ETC.
Place of publication, distribution, etc. Hyderabad :
Name of publisher, distributor, etc. G S Books,
Date of publication, distribution, etc. 2016.
300 ## - PHYSICAL DESCRIPTION
Extent 206 p. ;
Dimensions 22 cm.
650 #0 - SUBJECT ADDED ENTRY--TOPICAL TERM
Topical term or geographic name entry element Youth
General subdivision Religious aspects
-- Christianity.
9 (RLIN) 4906
942 ## - ADDED ENTRY ELEMENTS (KOHA)
Source of classification or shelving scheme Dewey Decimal Classification
Koha item type Books
Koha issues (borrowed), all copies 18
Holdings
Withdrawn status Lost status Source of classification or shelving scheme Damaged status Not for loan Home library Current Library Shelving location Date acquired Total checkouts Full call number Barcode Date last seen Date last checked out Copy number Price effective from Koha item type
    Dewey Decimal Classification     GRACE BIBLE COLLEGE GRACE BIBLE COLLEGE Ministry & Mission 2017-08-08 19 248.83 MAN 014296 2025-05-01 2024-09-19 c.1 2017-08-08 Books
© Grace Bible College Library 2025